Регионална библиотека "Любен Каравелов" - Русе

Малкият Никола пътува (Запис номер 137357)

MARC детайли
000 -Лидер
Контролно поле с фиксирана дължина 01610nam a2200385 c 4500
003 - Код на организацията, давaща контролен номер
Контролно поле BLK
005 - Дата и час на последна редакция
Контролно поле 20250707094716.0
008 - Елементи от данни с фиксирана дължина
fixed length control field 180409b bul|||||r ||||||| ||bul||
010 ## - Наследен системен номер
LC control number KNG00143326000
020 ## - Международен стандартен номер на книга ISBN
Международен стандартен номер на книга ISBN 978-619-150-042-0
-- издат.: Колибри
040 ## - Източник на каталожния запис
Идентификатор на билиотеката - собственик на записа BLK
041 ## - Код за език
Код за езика на текст/звукозапис или на отделно заглавие Български
Код за езика КДБФ Български
072 #7 - Код за тематичната категория
Код организация bullib
Код за тематична категория Н85
Текст Детска художествена литература Н
080 ## - УДК
Текстов определител УДК Френска литература
УДК код - определител по УДК 821.133.1
УДК определител -93-32
УДК - код + определител 821.133.1-93-32
100 1# - Редна дума - Автор
Автор Госини, Рьоне
Авторска отговорност първи автор
R(LIN) 55312
139 ## - Редно поле
Редна дума Госини, Рьоне и др.
Авторски знак Гос - Г 70
245 10 - Сведения за заглавието
Заглавие Малкият Никола пътува
Редно поле (дума) Рьоне Госини; съавт. Жан-Жак Семпе; прев. от фр. Венелин Йовков Пройков.
257 ## - Страна на издаване
Страна на създаване/издаване Франция
260 ## - Област на издателските данни
-- София
Име на издателя, разпространителя и проч. Колибри
Година на издаване 2012
Печатница София : Симолини
300 ## - Физическа характеристика
Страници 164 с.
Илюстрации и др. с ил.
Размери/Мащаб 20 см
380 ## - Жанр
Жанр Детска худож. лит.
500 ## - Общи забележки
Забележка Ориг. загл. Le petit Nicolas voyage / Goscinny Sempe. - Съдържа и за авт. - Библиогр. с. 160-164.
653 ## - Ключова дума – ненормативна
Ключова дума повести
653 ## - Ключова дума – ненормативна
Ключова дума литература за деца
653 ## - Ключова дума – ненормативна
Ключова дума детска литература
659 ## - Тематичен бюлетин
Тематичен бюлетин Н
700 1# - Други автори (авторска отговорност)
Лично име Семпе, Жан-Жак
Автороска отговорност (Описва отношението между автора и произведението) съавт.
9 (RLIN) 119652
700 1# - Други автори (авторска отговорност)
Лично име Пройков, Венелин Йовков
Автороска отговорност (Описва отношението между автора и произведението) прев. от фр.
9 (RLIN) 250480
852 ## - Местоположение
Форматна сигнатура Цб 259621
856 4# - Електронен адрес и достъп
Електронен формат pdf - файл
Път до файла /url/
856 4# - Електронен адрес и достъп
Електронен формат pdf - файл
Път до файла /url/
942 ## - АРТИКУЛИ
Вид на библиотечния материал Книги
Скрит в OPAC Не
Koha issues (borrowed), all copies 24
944 ## - СЪЗДАВАНЕ И РЕДАКЦИЯ на ЗАПИСА
Създаване/Редакция Създаване
Дата на регистрацията/редакция 31.05.2013
Статус, дата на статуса Русанова Ирена
Служител, извършил регистрацията/редакцията 30542
944 ## - СЪЗДАВАНЕ И РЕДАКЦИЯ на ЗАПИСА
Създаване/Редакция Редакция
Дата на регистрацията/редакция 03.10.2014
Статус, дата на статуса ф /
Служител, извършил регистрацията/редакцията
999 ## - СИСТЕМНИ КОНТРОЛНИ НОМЕРА
Koha biblionumber 137357
Koha biblioitemnumber 137357
Наличности
Код за отписване Код за изгубен артикул Код за повреда Коз за рестрикции Код за отдаване Артикулен № Име на библиотеката - собственик Име на библиотеката, в която се намира в момента Статус (Текущо местоположение) Дата на вписване в системата Местоположение - отдел Цена в лева Инвентарен номер Систематично азбучна сигнатура Баркод Номер на екземпляра Цена в евро Служебна бележка Служебен тип на артикула Източник на класификационната схема
  Не е изгубен Не е повреден без рестрикции заемане за дома 224676 Регионална библиотека "Любен Каравелов" Русе Регионална библиотека "Любен Каравелов" Русе Детски отдел 2013-05-31 Детски отдел 9.00 120000766317 ДХ 820/899/Г 70 120000766317 1 4.60 Дост: Pk Вид: Ф N: 366 Дата: 30.05.2013 Дата инв: 06.08.2015 Бележки инв: Д2015 Книги  
  Не е изгубен Не е повреден без рестрикции заемане за дома 224677 Регионална библиотека "Любен Каравелов" Русе Регионална библиотека "Любен Каравелов" Русе Детски отдел 2014-06-05 Детски отдел 9.00 120000777904 ДХ 820/899/Г 70 120000777904 2 4.60 Дост: Pk Вид: Ф N: 399 Дата: 03.06.2014 Дата инв: 31.08.2015 Бележки инв: Д2015 Книги Universal Decimal Classification
  Не е изгубен Не е повреден без рестрикции заемане за дома 224678 Регионална библиотека "Любен Каравелов" Русе Регионална библиотека "Любен Каравелов" Русе Детски отдел 2014-06-05 Детски отдел 9.00 120000777905 ДХ 820/899/Г 70 120000777905 3 4.60 Дост: Pk Вид: Ф N: 399 Дата: 03.06.2014 Дата инв: 06.08.2015 Бележки инв: Д2015 Книги  
  Не е изгубен Не е повреден без рестрикции ползва се в читалня 224679 Регионална библиотека "Любен Каравелов" Русе Регионална библиотека "Любен Каравелов" Русе Хранилище 2014-10-03 Хранилище 9.00 120000781267 Цб 259621 120000781267 4 4.60 Дост: Dp Вид: Д N: 3 Дата: 24.01.2014 Книги  
Vip Innovations Ltd, Rousse, Bulgaria 2025